| 000 | 00396 a2200157 4500 | ||
|---|---|---|---|
| 001 | 166386 | ||
| 020 | _a | ||
| 040 | _cMagnum | ||
| 100 | _aTabach, Edmundo | ||
| 240 | 1 | 0 |
_aQuem ri por ultimo ri melhor: aprendendo sobre os dentes _lpor |
| 245 | 1 | 0 | _aQuem ri por ultimo ri melhor: aprendendo sobre os dentes |
| 362 | 0 | _a1899 | |
| 440 | 1 | _aModerna | |
| 697 | _aIJ/PARADIDATICO | ||
| 942 | _cBK | ||
| 999 |
_c166386 _d166386 |
||